03713nam a2200361Ia 4500952011600000952011600116952011300232952011300345952011100458952011400569952011800683952011300801952010100914952010101015999001701116008004101133020002201174020001901196050001901215100004401234245006201278250001701340260005201357300004401409500007901453504003101532505165801563519004303221519004203264650001303306650002003319942001203339 00102lcc4070a04b04d2012-04-13l3oRA407.A3 H5 2008p05 001142r2023-04-25s2014-04-21t1w2012-06-24yLB 00102lcc4070a04b04d2012-04-13l5oRA407.A3 H5 2008p05 001143r2023-04-25s2019-03-06t2w2012-06-24yLB 00102lcc4070a11b11d2009-10-01l4oRA790 H56 2008p11 001343r2023-12-07s2023-12-07t2w2012-06-26yLB 00102lcc4070a11b11d2009-10-01l3oRA790 H56 2008p11 002176r2023-07-21s2023-07-21t1w2012-06-26yLB 00102lcc4070a07b07d0000-00-00l1oR129 H5 2008p07 004233r2016-04-07s2014-10-30t1w2013-10-01yLB 00102lcc4070a07b07d0000-00-00l4m1oR129 H5 2008p07 004281r2018-03-16s2018-03-14t2w2013-11-09yLB 00102lcc4070a03b03d2015-05-21l14oRA440.S56 H54 2008p03 007561r2018-01-08s2018-01-08t1w2015-05-21yLB 00102lcc4070a01b01d2023-03-10l1oRA790 H56 2008p16 004334r2023-10-26s2023-10-25t1w2023-03-10yLB 00102lcc4070a01b01d2023-03-10l0oRA790 H56 2008p16 004335r2023-07-13t2w2023-03-10yLB 00102lcc4070a01b01d2023-03-10l0oRA790 H56 2008p16 004336r2023-07-13t3w2023-03-10yLB c63482d63482120625s2008 mx a 000 0 spa d a13: 9789701063811 a10: 970106381304aR129 bH5 2008 aHigashida Hirose, Bertha Yoshikoeautor aCiencias de la salud c / Bertha Yoshiko Higashida Hirose a6a edición aMéxicob : McGraw-Hill Interamericanac, 2008 aviii, 434 páginasb : ilustraciones  aIncluye: mapas conceptuales (pp. 398-425) Incluye: glosario (pp. 426-428) aBibliografia (pp. 429-434) aEl hombre, producto de la evolución, como unidad biopsicosocial Conceptos de salud y enfermedad La medicina como ciencia natural y ciencia social, Aspectos multidisciplinario de las Ciencias de la Salud Factores ecológicos de la salud y la enfermedad Mecanismos de defensa e inmunidad Historia natural de la enfermedad (génesis y evolución natural de la enfermedad) y niveles de prevención Enfermedad transmisible Invalidez Anatomía y fisiología: introducción Sistema óseo, osteología Sindesmología o artrología Sistema muscular, miología Sistema nervioso órganos de los sentidos y la piel Sistema endocrino Sistema digestivo Sistema circulatorio o angiológico Sistema respiratorio Sistema urinario Sistema reproductor femenino y masculino Elementos sexuales, fecundación y nidación Formación de la placenta y desarrollo embrionario Embarazo, modificaciones maternas Embarazo gemelar Problemas durante la gestación Parto Constitución psíquica del individuo El hombre como individuo social Crecimiento y desarrollo del niño Adolescencia, edad adulta, climaterio y tercera edad Estadística médica Demografía Epidemiología Método clínico Exámenes de laboratorio y de gabinete La práctica médica en México Diagnóstico de la salud en México Higiene, salud pública y medicina preventiva Higiene personal Nutrición y problemas de la nutrición Higiene materno- infantil Educación sexual Higiene mental Higiene familiar Higiene de la comunidad Enfermedades más frecuentes Problemas sociales  aMaterial Complementario / d16 004334 aMaterial Complementario/d(03 007561) 0aMEDICINA 0aSALUD PÚBLICA 2lcccLB